Vở bài tập tự nhiên và xã hội 2

Sách gồm các dạng bài tập về nối hình vẽ với hình vẽ, chọn câu đúng, điền vào chổ trống và vẽ, giúp các em rèn luyện và khắc sâu kiến thức về tự nhiên và xã hội.

Sparad:
Bibliografiska uppgifter
Materialtyp: Bok
Språk:Undetermined
Publicerad: Hà Nội Giáo dục 2010
Ämnen:
Taggar: Lägg till en tagg
Inga taggar, Lägg till första taggen!
Thư viện lưu trữ: Trung tâm Học liệu Trường Đại học Cần Thơ
LEADER 00902nam a2200205Ia 4500
001 CTU_158042
008 210402s9999 xx 000 0 und d
020 |c 2000 
082 |a 372.35076 
082 |b V460/L.2 
245 0 |a Vở bài tập tự nhiên và xã hội 2 
245 0 |c Bùi Phương Nga, Nguyễn Quý Thao (biên soạn) 
260 |a Hà Nội 
260 |b Giáo dục 
260 |c 2010 
520 |a Sách gồm các dạng bài tập về nối hình vẽ với hình vẽ, chọn câu đúng, điền vào chổ trống và vẽ, giúp các em rèn luyện và khắc sâu kiến thức về tự nhiên và xã hội. 
650 |a Social life 
650 |x Study and teaching (Elementary) 
904 |i Phan Thị Kim Lan (Đào Thị Bé Ba) 
980 |a Trung tâm Học liệu Trường Đại học Cần Thơ